000 00296nam a2200109Ia 4500
008 200302s9999 xx 000 0 und d
100 _aRichard Economakis
245 _aBuilding Classical A Vision of Europe and America
260 _bAcademy Editions Group Ltd.
260 _c1993
300 _a299 P.,
999 _c1928
_d1928